MOTOR SPEECH DISORDERS (Record no. 22971)

MARC details
000 -LEADER
fixed length control field 00340nam a22001577a 4500
003 - CONTROL NUMBER IDENTIFIER
control field SGT
020 ## - INTERNATIONAL STANDARD BOOK NUMBER
International Standard Book Number 9780323530545
082 ## - DEWEY DECIMAL CLASSIFICATION NUMBER
Classification number 617.8
Item number M20D
100 ## - MAIN ENTRY--PERSONAL NAME
Personal name DUFFY, JOSEPH R.
245 ## - TITLE STATEMENT
Title MOTOR SPEECH DISORDERS
250 ## - EDITION STATEMENT
Edition statement 4TH
260 ## - PUBLICATION, DISTRIBUTION, ETC. (IMPRINT)
Place of publication, distribution, etc EDINBURGH
Name of publisher, distributor, etc ELSEVIER PUB.
Year of Publication 2020
300 ## - PAGE DESCRIPTION
No. of Pages 497
650 ## - SUBJECT ADDED ENTRY--TOPICAL TERM
Topical term or geographic name as entry element AUDIOLOGY
942 ## - ADDED ENTRY ELEMENTS (KOHA)
Source of classification or shelving scheme Dewey Decimal Classification
Koha item type Books
Holdings
Withdrawn status Lost status Source of classification or shelving scheme Damaged status Not for loan Collection code Home library Current library Shelving location Date acquired Vendor Name Cost, normal purchase price Volume Information (Serial or Books or Non-Book Material) SGTU Bill Number Full call number Accession No. (Barcode) Date last seen Bill Date Koha item type
    Dewey Decimal Classification   Not For Loan MEDICAL SGT Medical Library SGT Medical Library Reference Book 01/07/2022 ADWELL BOOK COMPNY 8606.00 $105.99 SGTU 1687 617.8 M20D FM12998 01/07/2022 11/06/2022 Books
    Dewey Decimal Classification   Not For Loan MEDICAL SGT Medical Library SGT Medical Library Reference Book 01/07/2022 ADWELL BOOK COMPNY 8606.00 $105.99 SGTU 1687 617.8 M20D FM12999 01/07/2022 11/06/2022 Books